000 00657nas a2200217 4500
001 BR9902728
003 BR-BrBNA
005 20231205101418.0
007 ta
008 230509b bl.|||p| |||| 00| 00por d
040 _aBR-BrBNA
_bpor
_cBiblioteca Nacional de Agricultura
041 _a(Pt)
072 _aK10
100 1 _aAlbuquerque, C.E.C. de
245 1 _aSetor florestal brasileiro: potencialidade e realidade
650 _aPolitica Florestal
650 _aEconomia Florestal
773 0 _tFloresta e Ambiente (Brazil)
_xISSN 1415-0980
_g(1998), v. 5(1) p. 192-194
_wBR9902728
909 _a202311
_bLúcia
_c55
_dLúcia Elande
942 _2AGRIS
_n0
_cANA
999 _c161672
_d161672